| 000 | 00708nim a22002657a 4500 | ||
|---|---|---|---|
| 005 | 20220811193350.0 | ||
| 008 | 150302b xxu||||| |||| 00| 0 ES d | ||
| 020 | _a9780857778765 | ||
| 041 | _aInglés | ||
| 082 | _a183 DC | ||
| 100 |
_aBarnard, Roger _964185 |
||
| 100 |
_aCady, Jeff _964186 |
||
| 245 | _aBusiness venture 2: student book | ||
| 260 | _aEstados Unidos | ||
| 260 | _bOxford University Press | ||
| 260 | _c2000 | ||
| 300 | _a1 CD-ROM | ||
| 505 | _aAcompaña al libro Business venture 2. 428/B521b | ||
| 650 |
_aINGLÉS _92062 |
||
| 650 |
_aENSEÑANZA _9236 |
||
| 650 |
_aOFICINAS _92987 |
||
| 650 |
_aNEGOCIOS _9940 |
||
| 650 |
_aADMINISTRACIÓN DE EMPRESAS _9521 |
||
| 942 | _cAUD | ||
| 999 |
_c8735 _d8735 |
||